Stagione di debutto in Serie A per squadra - Quiz n°4 - Statistics

Statistiche generali
  • Questo quiz è stato fatto 4 volte
  • Il punteggio medio è 5 su 10
Statistiche sulle risposte
Hint Risposta % Corretto
Inter 1929-1930
75%
Carpi 2015-2016
75%
Sampierdarenese 1934-1935
50%
Varese 1964-1965
50%
Avellino 1978-1979
50%
Pistoiese 1980-1981
50%
Reggina 1999-2000
50%
Livorno 1929-1930
25%
Napoli 1929-1930
25%
Atalanta 1937-1938
0%
Nessun quiz corrispondente trovato
Distribuzione punteggi
Percentuale di utenti per punteggio
Percentile per numero di risposta
I tuoi punteggi nel tempo
Non hai fatto questo quiz